00823nam a2200229 i 450000100060000000300090000600500170001500700030003200800410003502000180007608000190009410000360011324501070014926000380025630000290029449000250032365000400034883000330038885200330042199900170045495201220047118355ES-MaACL20251011063051.0t|011116s2001 sp ||||1| spa d a84-8432-248-3 a323.17(460.15)1 aElorza, Antonio, d1943-94708913aUn pueblo escogido b: génesis, definición y desarrollo del nacionalismo vasco / cAntonio Elorza. aBarcelona : bCrítica, c[2001] aXVIII, 502 p. ; c24 cm.1 aCrítica contrastes 4aNacionalismo-zPaís Vasco.9154580 aCrítica contrastes9180307 aES-MaACLjL-25037 bR.130494 c18355d18355 00104070aATENEOMbATENEOMcDEPO2d2008-01-17eSCl0oL-25037p1018776r2023-02-23 00:00:00w2023-02-23yMONOGRAFIA